000 01514cam a22003977a 4500
003 CHAP
005 20220817043409.0
008 971013s1991 mx a r 00010 eng d
010 _a74335
011 _a75307
035 _a84867
040 _cCHAP
082 0 4 _a631.7063
_bS5
100 0 0 _aPalerm, Juan Vicente.
_984919
245 1 2 _aA binational system of agricultural production
_b: the case of the mexican Bajio and California
260 _aZinacantepec, Méx. :
_bEl Colegio Mexiquense,
_c1991
300 _a81 h.
_b; mapa ; gráf.
500 _aArtículo aparecido en : Simposio sobre Sistemas Hidráulicos, Modernización de la Agricultura y Migración (1991 : Zinacantepec, Méx.)
500 _aEncuadernado con otros impresos similares
590 _aBATCH-UPD
_b10
_c20130109
_lUCH01
_h2331
590 _aBATCH-UPD
_b10
_c20130110
_lUCH01
_h0142
590 _aBATCH-UPD
_b10
_c20130110
_lUCH01
_h2226
590 _aBATCH-UPD
_b10
_c20130409
_lUCH01
_h1857
590 _aBATCH-UPD
_b10
_c20130410
_lUCH01
_h1522
590 _aBATCH-UPD
_b10
_c20130913
_lUCH01
_h2022
590 _aCONVERSION
_b10
_c20130109
_lUCH01
_h1341
650 1 4 _aAgricultura
_xBajío.
_91318
650 1 4 _aAgricultura
_xCalifornia.
_91347
650 1 4 _aAgricultura
_xTrabajadores
_xMexico.
_91867
650 1 4 _aCapital en agricultura.
_918710
700 0 _aUrquiola, José Ignacio.
_9116985
710 0 _aUniversidad Iberoamericana.
901 _aBK
942 _cLIBRO
949 _a631.7063 S5
_bBC
_cCONG
_d-40429
_eCONG
_h86947
_i84867
_si
999 _c74335
_d74335